| 000 | 00531nam a2200169 i 4500 | ||
|---|---|---|---|
| 001 | 56567 | ||
| 003 | ES-MaACL | ||
| 005 | 20230906163413.0 | ||
| 007 | t| | ||
| 008 | 031010s1967 sp ||||1| spa d | ||
| 100 | 1 |
_aDillenschneider, Clément. _944814 |
|
| 245 | 1 | 0 |
_aAlegría humana y alegría cristiana / _cClément Dillenschneider ; [tradujo Alfonso Ortiz García]. |
| 260 |
_aSalamanca : _bSígueme, _c1967. |
||
| 300 |
_a206 p. ; _c19 cm. |
||
| 700 | 1 |
_aOrtiz García, Alfonso. _987618 |
|
| 852 |
_aES-MaACL _jC-33649 _bR.64592 |
||
| 999 |
_c56567 _d56567 |
||